000 00575nam a2200217 i 4500
001 bg
100 1 _aBARTOSIEWICZ, Józef
245 1 0 _aTechniki wytwarzania /
_cJózef Bartosiewicz.
260 _aGdynia :
_bWydaw. Akademii Morskiej,
_c2002.
300 _a254 s. :
_bil. ;
_c21 cm.
504 _aBibliogr.
650 9 _aMetale
_xtechnologia
655 _aPodręczniki akademickie
020 _a8387875333
040 _cBPK
041 0 _apol
080 _a621.7+621.9](075.8)
920 _a83-87875-33-3
942 _cKS
008 s pl f |000 0 pol
999 _c43479
_d43479
856 _uhttp://koha.tu.koszalin.pl/cgi-bin/koha/opac-detail.pl?biblionumber=43479
_yKatalog online BPK